000 00501nam a22001817a 4500
003 CEME
005 20210628203702.0
008 210318b xxu||||| |||| 00| 0 eng d
020 _a0-12-041542-9
040 _c.
082 _a510.28553 ABE'M
100 _aBraselton, James.P , Abell, Martha.L
_966838
245 _aThe maple v handbook
260 _aBOSTON
_bAP PROFESSIONALS
_c1994
300 _aVIII,726P
650 _aMAPLE-COMPUTER FILE MATHEMATICS-DATA PROCESSING
_966839
942 _cBK
_2ddc
999 _c574725
_d574725